Gefährlichste Länder für amerikanische Reisende - Statistiken

Allgemein
  • Dieses Quiz wurde 304 mal gespielt
  • Das Durchschnittsergebnis liegt bei 8 aus 20
Antwortstatistiken
Per 100,000 Land % Korrekt
0.84 Mexiko
94%
0.68 Guatemala
61%
1.66 Honduras
60%
0.64 El Salvador
59%
0.34 Nicaragua
59%
0.33 Costa Rica
57%
1.96 Haiti
54%
1.02 Belize
52%
0.37 Jamaika
46%
0.86 Ägypten
42%
3.54 Pakistan
36%
0.35 Ecuador
35%
3.20 Thailand
30%
1.28 Nigeria
29%
2.28 Philippinen
27%
0.97 Guyana
25%
0.30 Grenada
23%
0.36 Ukraine
20%
0.39 Jordanien
10%
0.43 Griechenland
5%
Keine übereinstimmenden Quizze gefunden
Verteilung der Resultate
Anzahl Personen mit jedem Resultat
Perzentil nach korrekt beantworteten Fragen
Ihre Resultats-Entwicklung
Sie haben dieses Quiz noch nicht gespielt